Metodický rozbor témy Úvod do marketingu

Návod ako aktivizovať žiakov pri vyučovaní voliteľného predmetu marketing. Nevyhnutnosť využívania viacerých vyučovacích metód i prostriedkov zameraných na informačné a komunikačné technológie. Teoretické didaktické východiská vyučovacieho procesu v predmete marketing. Metodický postup vyučovania ko...

Full description

Saved in:
Bibliographic Details
Main Author: Katonová, Jana
Format: Book Chapter
Language:Slovak
Subjects:
Tags: Add Tag
No Tags, Be the first to tag this record!

MARC

LEADER 00000nla$a2200000$$$4500
001 0074132
005 20231215103631.2
041 0 |a slo 
044 |a SK 
245 1 0 |a Metodický rozbor témy Úvod do marketingu  |c Jana Katonová 
520 |a Návod ako aktivizovať žiakov pri vyučovaní voliteľného predmetu marketing. Nevyhnutnosť využívania viacerých vyučovacích metód i prostriedkov zameraných na informačné a komunikačné technológie. Teoretické didaktické východiská vyučovacieho procesu v predmete marketing. Metodický postup vyučovania konkrétnej témy. 
610 2 0 |a vyučovanie 
610 2 0 |a didaktika 
610 2 0 |a marketing 
610 2 0 |a metódy 
100 1 |a Katonová, Jana